00441nam a22001457a 4500020001800000040000900018082001800027100003700045245002300082260004300105300001000148942001200158999001900170952010600189 a9789693529425 cNUST a891.4393bMUH aMuhammad Yahya Khan, Baba980876 a Lay Baba Abbabeel aLAHOREbSang-E-Meel Publicationsc2016 b1070P 2ddccBK c585862d585862 00102ddc4070aCEMEbCEMEcGENd2021-07-12l0o891.4393 MUHpCEME-50183r2021-07-12w2021-07-12yBK